| 000 | 00615nam a2200217Ia 4500 | ||
|---|---|---|---|
| 008 | 180523s9999 xx 000 0 und d | ||
| 020 | _a978-0-07-108822-0 | ||
| 050 | _aMAIN TX 911.3 | ||
| 050 | _b.M3K86 2010 | ||
| 100 | _aKumar, Prasanna. | ||
| 245 | 0 | _aMarketing of hospitality and tourism services / | |
| 245 | 0 | _cPrasanna Kumar. | |
| 260 | _aCanada : | ||
| 260 | _bMcGraw-Hill, | ||
| 260 | _c2010 | ||
| 300 | _a349 pages : | ||
| 300 | _c24 cm. | ||
| 500 | _aIncludes bibliographical references and index. | ||
| 650 | _aHospitality industry -- Marketing. | ||
| 650 | _xTourist guide -- Marketing. | ||
| 999 |
_c357796 _d357796 |
||